| 000 | 00472nam a2200181Ia 4500 | ||
|---|---|---|---|
| 001 | 5142 | ||
| 005 | 20260306145846.0 | ||
| 008 | 260306t2014||||xx |||||||||||||| ||spa|| | ||
| 041 | _aESP | ||
| 082 |
_a333.913 _bM84 |
||
| 100 |
_aMontes Urday, Alipio _eAUT |
||
| 245 | 0 | _aMejores prácticas organizativas y de riesgo, en el valle de Omate, frente al cambio climático | |
| 260 | _c2014 | ||
| 300 |
_a _c |
||
| 650 | _aGEN | ||
| 654 | _aCAN | ||
| 942 |
_cLIB _dJUS _fJUS _2ddc _n |
||
| 999 |
_c5142 _d5142 |
||